Podniková kultúra dôležitý predpoklad riadenia podniku
Podniková kultúra ako dôležitý faktor úspešnosti podniku. Orientácia na zákazníka. Zásady etiky podnikania. Etický kódex. Riadenie vzťahov so zákazníkmi - CRM. Systém workflow a prínosy z jeho implementácie.
Uložené v:
| Hlavný autor: | |
|---|---|
| Médium: | Kapitola |
| Jazyk: | Slovak |
| Predmet: | |
| Tagy: |
Žiadne tagy, Buďte prvý, kto otaguje tento záznam!
|
MARC
| LEADER | 00000naa a2200000 4500 | ||
|---|---|---|---|
| 001 | 0141497 | ||
| 005 | 20231006072858.4 | ||
| 041 | 0 | |a slo | |
| 044 | |a SK | ||
| 245 | 1 | 0 | |a Podniková kultúra dôležitý predpoklad riadenia podniku |c Alžbeta Bieliková |
| 520 | |a Podniková kultúra ako dôležitý faktor úspešnosti podniku. Orientácia na zákazníka. Zásady etiky podnikania. Etický kódex. Riadenie vzťahov so zákazníkmi - CRM. Systém workflow a prínosy z jeho implementácie. | ||
| 610 | 2 | 0 | |a kultúra podniková |
| 610 | 2 | 0 | |a zamestnávatelia |
| 610 | 2 | 0 | |a zamestnanci |
| 610 | 2 | 0 | |a zákazníci |
| 610 | 2 | 0 | |a riadenie vzťahov so zákazníkmi |
| 610 | 2 | 0 | |a systém CRM |
| 610 | 2 | 0 | |a etika podniková |
| 610 | 2 | 0 | |a kódexy etické |
| 100 | 1 | |a Bieliková, Alžbeta | |